Choose adequate cover (Record no. 82019)

MARC details
000 -LEADER
fixed length control field 00759cab a22001935a 4500
001 - CONTROL NUMBER
control field L148975
008 - FIXED-LENGTH DATA ELEMENTS--GENERAL INFORMATION
fixed length control field 091209e20091107xxka f g 000 0 eng d
035 ## - SYSTEM CONTROL NUMBER
System control number (Sirsi) u148976
041 0# - LANGUAGE CODE
Language code of text/sound track or separate title eng
100 1# - MAIN ENTRY--PERSONAL NAME
Personal name Cattell, Sophie
245 00 - TITLE STATEMENT
Title Choose adequate cover
260 ## - PUBLICATION, DISTRIBUTION, ETC.
Date of publication, distribution, etc. 2009
490 ## - SERIES STATEMENT
Series statement Estates Gazette
Volume/sequential designation (0944) 7 November 2009, 204-205(2)
520 ## - SUMMARY, ETC.
Summary, etc. Presents warranties as the best protection for tenants to ensure that they are not liable for inherent defects, or faulty installations in a new or refurbished building. Suggests that landlords are under obligation to repair items for which the contractor is liable.
590 ## - LOCAL NOTE (RLIN)
Local note KA
651 #4 - SUBJECT ADDED ENTRY--GEOGRAPHIC NAME
Geographic name England and Wales
Chronological subdivision 1543-
690 ## - LOCAL SUBJECT ADDED ENTRY--TOPICAL TERM (OCLC, RLIN)
Topical term or geographic name as entry element PROPERTY-LANDLORD AND TENANT-DILAPIDATIONS
942 ## - ADDED ENTRY ELEMENTS (KOHA)
Suppress in OPAC 0
Holdings
Withdrawn status Lost status Source of classification or shelving scheme Damaged status Not for loan Home library Current library Shelving location Date acquired Total Checkouts Full call number Barcode Date last seen Copy number Price effective from Koha item type
    Dewey Decimal Classification     London London Journal article 09/12/2009   L148976 148976-1001 06/08/2019 1 06/08/2019 Journal article